Móda

Podrobná bibliografia
Predchádzajúci názov:Naša móda
Médium: Časopis
Jazyk:slovenčina
Fyzický popis:32 zv. 28-34 cm
Vydavateľské údaje: Bratislava Čs. zväz žien, slovenský výbor 1968-1999
ISSN:1335-0757
Predmet:

MARC

LEADER 00000cas a2200000 a 4500
001 vtls008883372
003 SK-MaSNL
005 20260228162143.0
008 220804d19681999xo qr|p 0 0 b0slo c
022 |a 1335-0757 
035 |a (SVKBB03)vtls000130055 
040 |a SVKBB  |b slo  |c SVKBB  |d SNK  |e AACR2 
041 0 |a slo 
044 |a xo  |c SK 
072 7 |a 391  |x Odev, móda, ozdoby  |2 konspekt 
072 7 |a 687  |x Odevný priemysel. Kozmetika. Kaderníctvo. Starostlivosť o vzhľad  |2 konspekt 
072 7 |a 646  |x Odievanie. Starostlivosť o telo  |2 konspekt 
080 |a 687.1  |2 2001 
080 |a 050  |2 2001 
080 |a 391  |2 2001 
080 |a 646.4  |2 2001 
084 |a Index 49 375  |2 mksr 
210 0 |a Móda  |b (Bratisl.) 
222 0 |a Móda  |b (Bratislava) 
245 0 0 |a Móda 
260 |a Bratislava  |b Čs. zväz žien, slovenský výbor  |c 1968-1999 
300 |a 32 zv.  |c 28-34 cm 
310 |a 4x ročne  |b 1994-1995, 1998-1999 
321 |a 6x ročne  |b 1991-1993, 1996-1997 
321 |a 1x mesačne  |b 1968-1990 
362 0 |a Roč. XVIII, č. 7 (1968)-roč. 49, č. 2 (1999) 
500 |a Časopis obsahuje strihové prílohy 
500 |a Č. 1-6/1968 pod názvom Naša móda ; od č. 7/1968 Móda 
500 |a Tlač: Tlačiarne SNP, Martin ; od č. 2/1991 Neografia, Martin 
500 |a Vyd.: od č. 9/1968 Živena, Bratislava 
500 |a Redaktori sa menia 
500 |a Od č. 1/1988 rozmer zv. 28 cm 
500 |a V tiráži podnázov od č. 2/1995: časopis najnovšej módy pre celú rodinu 
500 |a Reg. číslo: MK SR 6/2 
650 0 7 |a móda  |2 SNKPH  |9 19682 
650 0 7 |a odevy  |2 SNKPH  |9 27026 
650 0 7 |a Fashion  |2 SNKPHeng  |9 268439 
650 0 7 |a Clothing  |2 SNKPHeng  |9 267468 
655 7 |a časopisy pre ženy  |2 SNKPH  |9 70785 
780 0 0 |t Naša móda  |w vtls008883319 
910 |a snk 
916 |a 1968-1979, 1981-1999 
999 |c 6956  |d 8886 
952 |0 0  |1 0  |4 0  |7 0  |a SNK  |b SNK  |d 2003-02-26  |f 1  |i snkČSP 250/70  |l 0  |o snkČSB 832/19/1969  |p 17A0373166  |r 2005-01-02 00:00:00  |t č. 1-12 + príl.  |w 2026-02-21  |y PREZ  |z prílohy: 6 strihových príl.  
952 |0 0  |1 0  |4 0  |7 0  |a SNK  |b SNK  |d 2000-09-12  |f 1  |i snkČSP 841/88  |l 0  |o snkČSB 832/37/1987  |p 17A0250199  |r 2005-01-02 00:00:00  |t č. 1-12 + príl.  |w 2026-02-21  |y PREZ  |z prílohy: 12 strihových príl. 
952 |0 0  |1 0  |4 0  |7 0  |a SNK  |b SNK  |d 2003-02-26  |f 1  |i snkČSP 173/73  |l 0  |o snkČSB 832/22/1972  |p 17A0373325  |r 2005-01-02 00:00:00  |t č. 1-12 + príl.  |w 2026-02-21  |y PREZ  |z prílohy: 17 strihových príl. 
952 |0 0  |1 0  |4 0  |7 0  |a SNK  |b SNK  |d 2003-02-26  |f 1  |i snkČSP 973/90  |l 0  |o snkČSB 832/39/1989  |p 17A0373165  |r 2005-01-02 00:00:00  |t č. 1-12 + príl.  |w 2026-02-21  |y PREZ  |z prílohy: 12 strihových príl. 
952 |0 0  |1 0  |4 0  |7 0  |a SNK  |b SNK  |d 2003-02-26  |i snkČSP 1333/92  |l 0  |o snkČSB 832/41/1991 D1  |p 17A0362428  |r 2005-01-02 00:00:00  |t č. 1-6  |w 2026-02-21  |y PREZ 
952 |0 0  |1 0  |4 0  |7 0  |a SNK  |b SNK  |d 2003-10-11  |f 1  |i snkČSP 45/71  |l 0  |o snkČSB 832/20/1970  |p 17A0400271  |r 2005-01-02 00:00:00  |t č. 1-12 + príl.  |w 2026-02-21  |y PREZ  |z prílohy: 11 strihových príl.  
952 |0 0  |1 0  |4 0  |7 0  |a SNK  |b SNK  |d 2015-04-02  |f 1  |i snkČSP 260/69  |l 0  |o snkČSB 832/18/1968  |p 17A1143164  |r 2026-02-21 21:15:42  |t č. 7-12 + príl.  |w 2026-02-21  |y PREZ  |z č. 1-6 Naša móda zviazané s č. 7-12 Móda ; rovnaké prírastkové číslo ; prílohy: 5 strihových príl.  
952 |0 0  |1 0  |4 0  |7 0  |a SNK  |b SNK  |d 2015-04-07  |f 1  |i snkČSP 94/72  |l 0  |o snkČSB 832/21/1971  |p 17A0706380  |r 2026-02-21 21:16:04  |t č. 1-12 + príl.  |w 2026-02-21  |y PREZ  |z prílohy: 14 strihových príl.  
952 |0 0  |1 0  |4 0  |7 0  |a SNK  |b SNK  |d 2015-04-07  |f 1  |i snkČSP 215/74  |l 0  |o snkČSB 832/23/1973  |p 17A0706384  |r 2026-02-21 21:16:04  |t č. 1-12 + príl.  |w 2026-02-21  |y PREZ  |z prílohy: 12 strihových príl. 
952 |0 0  |1 0  |4 0  |7 0  |a SNK  |b SNK  |d 2015-04-08  |f 1  |i snkČSP 2435/93  |l 0  |o snkČSB 832/42/1992  |p 17A0999062  |r 2026-02-21 21:16:22  |t č. 1-6 + príl.  |w 2026-02-21  |y PREZ  |z prílohy: 6 strihových príl. 
952 |0 0  |1 0  |4 0  |7 0  |a SNK  |b SNK  |d 2015-04-08  |i snkČSP 1169/94  |l 0  |o snkČSB 832/43/1993  |p 17A0999059  |r 2026-02-21 21:16:22  |t č. 1-7 + príl.  |w 2026-02-21  |y PREZ  |z prílohy: Zima ; 8 strihových príl. 
952 |0 0  |1 0  |4 0  |7 0  |a SNK  |b SNK  |d 2015-04-08  |f 1  |i snkČSP 398/96  |l 0  |o snkČSB 832/44/1994  |p 17A0999060  |r 2026-02-21 21:16:22  |t č. 1-4 + príl.  |w 2026-02-21  |y PREZ  |z prílohy: 4 strihové príl. 
952 |0 0  |1 0  |4 0  |7 0  |a SNK  |b SNK  |d 2015-04-08  |f 1  |i snkČSP 2882/99  |l 0  |o snkČSB 832/45/1995  |p 17A0999015  |r 2026-02-21 21:16:22  |t č. 1-4 + príl.  |w 2026-02-21  |y PREZ  |z prílohy: 4 strihové príl. 
952 |0 0  |1 0  |4 0  |7 0  |a SNK  |b SNK  |d 2015-04-08  |f 1  |i snkČSP 2880/99  |l 0  |o snkČSB 832/46/1996  |p 17A1143162  |r 2026-02-21 21:16:22  |t č. 1-6 + príl.  |w 2026-02-21  |y PREZ  |z prílohy: 5 strihových príl. 
952 |0 0  |1 0  |4 0  |7 0  |a SNK  |b SNK  |d 2015-04-08  |f 1  |i snkČSP 1071/2001  |l 0  |o snkČSB 832/47/1997  |p 17A0999342  |r 2026-02-21 21:16:22  |t č. 1-6 + príl.  |w 2026-02-21  |y PREZ  |z prílohy: 12 strihových príl. 
952 |0 0  |1 0  |4 0  |7 0  |a SNK  |b SNK  |d 2015-04-08  |f 1  |i snkČSP 2878/99  |l 0  |o snkČSB 832/48/1998  |p 17A0999340  |r 2026-02-21 21:16:22  |t č. 1-4 + príl.  |w 2026-02-21  |y PREZ  |z prílohy: 7 strihových príl. 
952 |0 0  |1 0  |4 0  |7 0  |a SNK  |b SNK  |d 2015-04-08  |f 1  |i snkČSP 1371/2002  |l 0  |o snkČSB 832/49/1999  |p 17A0999337  |r 2026-02-21 21:16:22  |t č. 1-2 + príl.  |w 2026-02-21  |y PREZ  |z prílohy: 2 strihové príl. 
952 |0 0  |1 0  |4 0  |7 0  |a SNK  |b SNK  |d 2015-04-07  |f 1  |i snkČSP 87/75  |l 0  |o snkČSB 832/24/1974  |p 17A0706378  |r 2026-02-21 21:25:18  |t č. 1-12 + príl.  |w 2026-02-21  |y PREZ  |z prílohy: 9 strihových príl. 
952 |0 0  |1 0  |4 0  |7 0  |a SNK  |b SNK  |d 2015-04-07  |f 1  |i snkČSP 428/76  |l 0  |o snkČSB 832/25/1975  |p 17A0706349  |r 2026-02-21 21:25:18  |t č. 1-12 + príl.  |w 2026-02-21  |y PREZ  |z prílohy: 12 strihových príl. 
952 |0 0  |1 0  |4 0  |7 0  |a SNK  |b SNK  |d 2015-04-07  |f 1  |i snkČSP 152/77  |l 0  |o snkČSB 832/26/1976  |p 17A0706350  |r 2026-02-21 21:25:18  |t č. 1-12 + príl.  |w 2026-02-21  |y PREZ  |z prílohy: 11 strihových príl. 
952 |0 0  |1 0  |4 0  |7 0  |a SNK  |b SNK  |d 2015-04-07  |f 1  |i snkČSP 720/77  |l 0  |o snkČSB 832/27/1977  |p 17A0706386  |r 2026-02-21 21:25:18  |t č. 1-12 + príl.  |w 2026-02-21  |y PREZ  |z prílohy: 12 strihových príl. 
952 |0 0  |1 0  |4 0  |7 0  |a SNK  |b SNK  |d 2015-04-07  |f 1  |i snkČSP 940/78  |l 0  |o snkČSB 832/28/1978  |p 17A0706372  |r 2026-02-21 21:25:18  |t č. 1-12 + príl.  |w 2026-02-21  |y PREZ  |z prílohy: 12 strihových príl. 
952 |0 0  |1 0  |4 0  |7 0  |a SNK  |b SNK  |d 2015-04-07  |f 1  |i snkČSP 477/80  |l 0  |o snkČSB 832/29/1979  |p 17A0706392  |r 2026-02-21 21:25:18  |t č. 1-12 + príl.  |w 2026-02-21  |y PREZ  |z prílohy: 11 strihových príl. 
952 |0 0  |1 0  |4 0  |7 0  |a SNK  |b SNK  |d 2015-04-07  |f 1  |i snkČSP 919/82  |l 0  |o snkČSB 832/31/1981  |p 17A0857233  |r 2026-02-21 21:25:18  |t č. 1-12 + príl.  |w 2026-02-21  |y PREZ  |z prílohy: 12 strihových príl. 
952 |0 0  |1 0  |4 0  |7 0  |a SNK  |b SNK  |d 2015-04-07  |f 1  |i snkČSP 739/83  |l 0  |o snkČSB 832/32/1982  |p 17A0857236  |r 2026-02-21 21:25:18  |t č. 1-12 + príl.  |w 2026-02-21  |y PREZ  |z prílohy: 12 strihových príl. 
952 |0 0  |1 0  |4 0  |7 0  |a SNK  |b SNK  |d 2015-04-07  |f 1  |i snkČSP 471/84  |l 0  |o snkČSB 832/33/1983  |p 17A0857237  |r 2026-02-21 21:25:18  |t č. 1-12 + príl.  |w 2026-02-21  |y PREZ  |z prílohy: 12 strihových príl. 
952 |0 0  |1 0  |4 0  |7 0  |a SNK  |b SNK  |d 2015-04-07  |f 1  |i snkČSP 85/85  |l 0  |o snkČSB 832/34/1984  |p 17A0857241  |r 2026-02-21 21:25:18  |t č. 1-12 + príl.  |w 2026-02-21  |y PREZ  |z prílohy: 12 strihových príl. 
952 |0 0  |1 0  |4 0  |7 0  |a SNK  |b SNK  |d 2015-04-07  |f 1  |i snkČSP 2145/86  |l 0  |o snkČSB 832/35/1985  |p 17A0857217  |r 2026-02-21 21:25:18  |t č. 1-12 + príl.  |w 2026-02-21  |y PREZ  |z prílohy: 12 strihových príl. 
952 |0 0  |1 0  |4 0  |7 0  |a SNK  |b SNK  |d 2015-04-07  |f 1  |i snkČSP 3109/87  |l 0  |o snkČSB 832/36/1986  |p 17A0857230  |r 2026-02-21 21:25:18  |t č. 1-12 + príl.  |w 2026-02-21  |y PREZ  |z prílohy: 12 strihových príl. 
952 |0 0  |1 0  |4 0  |7 0  |a SNK  |b SNK  |d 2015-04-07  |f 1  |i snkČSP 571/89  |l 0  |o snkČSB 832/38/1988  |p 17A0857228  |r 2026-02-21 21:25:18  |t č. 1-12 + príl.  |w 2026-02-21  |y PREZ  |z prílohy: 12 strihových príl. 
952 |0 0  |1 0  |4 0  |7 0  |a SNK  |b SNK  |d 2015-04-07  |f 1  |i snkČSP 1700/91  |l 0  |o snkČSB 832/40/1990  |p 17A1143163  |r 2026-02-21 21:25:18  |t č. 1-12 + príl.  |w 2026-02-21  |y PREZ  |z prílohy: 12 strihových príl. 
952 |0 0  |1 0  |4 0  |7 0  |a SNK  |b SNK  |d 2015-04-07  |f 1  |i snkČSP 1332/92  |l 0  |o snkČSB 832/41/1991  |p 17A0999064  |r 2026-02-21 21:25:18  |t č. 1-6 + príl.  |w 2026-02-21  |y PREZ  |z prílohy: 6 strihových príl. 
952 |0 0  |1 0  |4 0  |7 0  |a SNK  |b SNK  |d 2017-10-07  |i snkKSP 5074/91  |l 0  |o snkČSB 832/A/1990 D1  |p 17A1188488  |r 2026-02-21 21:56:31  |w 2026-02-21  |y PREZ 
952 |0 0  |1 0  |4 0  |7 0  |a SNK  |b SNK  |d 2017-10-07  |i snkČSP 740/83  |l 0  |o snkČSB 832/32/1982 D1  |p 17A1188489  |r 2026-02-21 21:56:31  |t č. 1-12, úplný  |w 2026-02-21  |y PREZ 
952 |0 0  |1 0  |4 0  |7 0  |a SNK  |b SNK  |d 2017-10-07  |i snkČSP 472/84  |l 0  |o snkČSB 832/33/1983 D1  |p 17A1188524  |r 2026-02-21 21:56:31  |t č. 1-12, úplný  |w 2026-02-21  |y PREZ 
952 |0 0  |1 0  |4 0  |7 0  |a SNK  |b SNK  |d 2017-10-07  |i snkČSP 88/75  |l 0  |o snkČSB 832/24/1974 D1  |p 17A1188525  |r 2026-02-21 21:56:31  |t č. 1-12, úplný  |w 2026-02-21  |y PREZ 
952 |0 0  |1 0  |4 0  |7 0  |a SNK  |b SNK  |d 2017-10-07  |i snkČSP 427/76  |l 0  |o snkČSB 832/25/1975 D1  |p 17A1188564  |r 2026-02-21 21:56:31  |t č. 1-12, úplný  |w 2026-02-21  |y PREZ  |z príloha: 10 ks 
952 |0 0  |1 0  |4 0  |7 0  |a SNK  |b SNK  |d 2017-10-07  |i snkČSP 427/76  |l 0  |o snkČSB 832/25/1975 D1 príl.  |p 17A1188526  |r 2026-02-21 21:56:31  |w 2026-02-21  |y PREZ  |z príloha: 10 ks , chýba č. 4 a 6 
952 |0 0  |1 0  |4 0  |7 0  |a SNK  |b SNK  |d 2017-10-07  |i snkČSP 469/76  |l 0  |o snkČSB 832/19/1969 D1  |p 17A1188569  |r 2026-02-21 21:56:34  |t č. 1-12, neúplný  |w 2026-02-21  |y PREZ  |z chýba č. 4 
952 |0 0  |1 0  |4 0  |7 0  |a SNK  |b SNK  |d 2017-10-07  |i snkČSP 469/76  |l 0  |o snkČSB 832/19/1969 D1 príl.  |p 17A1188568  |r 2026-02-21 21:56:34  |w 2026-02-21  |y PREZ  |z príloha: 7 ks, chýba č. 1, 2, 5, 6 a 11 
952 |0 0  |1 0  |4 0  |7 0  |a SNK  |b SNK  |d 2017-10-07  |i snkČSP427/72  |l 0  |o snkČSB 832/20/1970 D1  |p 17A1188567  |r 2026-02-21 21:56:35  |t č. 1-12, úplný  |w 2026-02-21  |y PREZ 
952 |0 0  |1 0  |4 0  |7 0  |a SNK  |b SNK  |d 2017-10-07  |i snkČSP 172/73  |l 0  |o snkČSB 832/21/1971 D1  |p 17A1188527  |r 2026-02-21 21:56:35  |t č. 1-12, úplný  |w 2026-02-21  |y PREZ  |z príloha: 12 ks 
952 |0 0  |1 0  |4 0  |7 0  |a SNK  |b SNK  |d 2017-10-07  |i snkČSP 172/73  |l 0  |o snkČSB 832/21/1971 D1 príl.  |p 17A1188490  |r 2026-02-21 21:56:35  |w 2026-02-21  |y PREZ  |z príloha: 12 ks 
952 |0 0  |1 0  |4 0  |7 0  |a SNK  |b SNK  |d 2017-10-07  |i snkČSP 453/74  |l 0  |o snkČSB 832/22/1972 D1  |p 17A1188521  |r 2026-02-21 21:56:35  |t č. 1-12, úplný  |w 2026-02-21  |y PREZ 
952 |0 0  |1 0  |4 0  |7 0  |a SNK  |b SNK  |d 2017-10-07  |i snkČSP 216/74  |l 0  |o snkČSB 832/23/1973 D1  |p 17A1188522  |r 2026-02-21 21:56:35  |t č. 1-12, úplný  |w 2026-02-21  |y PREZ 
952 |0 0  |1 0  |4 0  |7 0  |a SNK  |b SNK  |d 2017-10-07  |i snkČSP 478/80  |l 0  |o snkČSB 832/29/1979 D1  |p 17A1188523  |r 2026-02-21 21:56:35  |t č. 1-12, úplný  |w 2026-02-21  |y PREZ 
952 |0 0  |1 0  |4 0  |7 0  |a SNK  |b SNK  |d 2017-10-07  |i snkČSP 941/78  |l 0  |o snkČSB 832/28/1978 D1  |p 17A1188491  |r 2026-02-21 21:56:35  |t č. 1-12, úplný  |w 2026-02-21  |y PREZ 
952 |0 0  |1 0  |4 0  |7 0  |a SNK  |b SNK  |d 2017-10-07  |i snkČSP 151/77  |l 0  |o snkČSB 832/26/1976 D1  |p 17A1188528  |r 2026-02-21 21:56:35  |t č. 1-12, úplný  |w 2026-02-21  |y PREZ 
952 |0 0  |1 0  |4 0  |7 0  |a SNK  |b SNK  |d 2017-10-07  |i snkČSP 721/77  |l 0  |o snkČSB 832/27/1977 D1  |p 17A1188529  |r 2026-02-21 21:56:35  |t č. 1-12, úplný  |w 2026-02-21  |y PREZ 
952 |0 0  |1 0  |4 0  |7 0  |a SNK  |b SNK  |d 2017-10-07  |i snkČSP 974/90  |l 0  |o snkČSB 832/39/1989 D1  |p 17A1188441  |r 2026-02-21 21:56:35  |t č. 1-12, úplný  |w 2026-02-21  |y PREZ  |z príloha: 11 ks, chýba č.6 
952 |0 0  |1 0  |4 0  |7 0  |a SNK  |b SNK  |d 2017-10-07  |i snkČSP 974/90  |l 0  |o snkČSB 832/39/1989 D1 príl.  |p 17A1188530  |r 2026-02-21 21:56:35  |w 2026-02-21  |y PREZ  |z príloha: 11 ks, chýba č. 6 
952 |0 0  |1 0  |4 0  |7 0  |a SNK  |b SNK  |d 2017-10-06  |i snkČSP 86/85  |l 0  |o snkČSB 832/34/1984 D1  |p 17A1188461  |r 2026-02-21 21:56:37  |t č. 1-12, úplný  |w 2026-02-21  |y PREZ  |z príloha: 12 ks  
952 |0 0  |1 0  |4 0  |7 0  |a SNK  |b SNK  |d 2017-10-06  |i snkČSP 86/85  |l 0  |o snkČSB 832/34/1984 D1 príl.  |p 17A1188447  |r 2026-02-21 21:56:37  |w 2026-02-21  |y PREZ 
952 |0 0  |1 0  |4 0  |7 0  |a SNK  |b SNK  |d 2017-10-06  |i snkČSP 3110/87  |l 0  |o snkČSB 832/36/1986 D1  |p 17A1188449  |r 2026-02-21 21:56:37  |t č. 1-12, úplný  |w 2026-02-21  |y PREZ  |z príloha: 12 ks 
952 |0 0  |1 0  |4 0  |7 0  |a SNK  |b SNK  |d 2017-10-06  |i snkČSP 3110/87  |l 0  |o snkČSB 832/36/1986 D1 príl.  |p 17A1188510  |r 2026-02-21 21:56:38  |w 2026-02-21  |y PREZ 
952 |0 0  |1 0  |4 0  |7 0  |a SNK  |b SNK  |d 2017-10-06  |i snkČSP 2146/86  |l 0  |o snkČSB 832/35/1985 D1  |p 17A1188450  |r 2026-02-21 21:56:38  |t č. 1-12, úplný  |w 2026-02-21  |y PREZ  |z príloha: 11 ks (chýba č. 4) 
952 |0 0  |1 0  |4 0  |7 0  |a SNK  |b SNK  |d 2017-10-06  |i snkČSP2146/86  |l 0  |o snkČSB 832/35/1985 D1 príl.  |p 17A1188448  |r 2026-02-21 21:56:38  |w 2026-02-21  |y PREZ  |z chýba príloha č. 4 
952 |0 0  |1 0  |4 0  |7 0  |a SNK  |b SNK  |d 2017-10-06  |i snkČSP 842/88  |l 0  |o snkČSB 832/37/1987 D1  |p 17A1188509  |r 2026-02-21 21:56:38  |t č. 1-12, úplný  |w 2026-02-21  |y PREZ  |z príloha: 12 ks 
952 |0 0  |1 0  |4 0  |7 0  |a SNK  |b SNK  |d 2017-10-06  |i snkČSP 842/88  |l 0  |o snkČSB 832/37/1987 D1 príl.  |p 17A1188451  |r 2026-02-21 21:56:38  |w 2026-02-21  |y PREZ  |z príloha: 12 ks 
952 |0 0  |1 0  |4 0  |7 0  |a SNK  |b SNK  |d 2017-10-06  |i snkČSP 572/89  |l 0  |o snkČSB 832/38/1988 D1  |p 17A1188486  |r 2026-02-21 21:56:38  |t č. 1-12, úplný  |w 2026-02-21  |y PREZ  |z príloha. 12 ks 
952 |0 0  |1 0  |4 0  |7 0  |a SNK  |b SNK  |d 2017-10-06  |i snkČSP 572/89  |l 0  |o snkČSB 832/38/1988 D1 príl.  |p 17A1188452  |r 2026-02-21 21:56:38  |w 2026-02-21  |y PREZ  |z príloha: 12 ks 
952 |0 0  |1 0  |4 0  |7 0  |a SNK  |b SNK  |d 2017-10-06  |i snkČSP 920/82  |l 0  |o snkČSB 832/31/1981 D1  |p 17A1188487  |r 2026-02-21 21:56:38  |t č. 1-12, úplný  |w 2026-02-21  |y PREZ 
952 |0 0  |1 0  |3 Strihová príl. 5 ks.  |4 0  |7 0  |a SNK  |b SNK  |d 2018-02-06  |i snkČSP 1333/92  |l 0  |o snkČSB 832/41/1991/pril. D1  |p 17A0362222  |r 2026-02-21 22:02:21  |w 2026-02-21  |y PREZ  |z Strihová príl. 5 ks.